Análisis de una situación social en el país Zulú moderno

En este ensayo trato sobre las relaciones blanco-africanas en el norte de país zulú, donde trabajé durante 16 meses entre 1936 y 1938. Alrededor de dos quintas partes de los africanos de la Unión viven en áreas reservadas para ellos que están distribuidas a lo largo de ese territorio. Únicamente ci...

Descripción completa

Detalles Bibliográficos
Autor principal: Gluckman, Max 1911-1975
Formato: Analitica de revista
Lenguaje:español
Publicado: Mánchester : CIESAS-UAM-UIA, 1958.
Materias:
Acceso en línea:Acceso electrónico al documento

MARC

LEADER 00000nab a22000007a 4500
008 200420s1958 enk o 000 sspa
040 |a UAHC  |c UAHC  |d UAHC 
100 |a Gluckman, Max  |9 4702  |d 1911-1975 
245 1 0 |a Análisis de una situación social en el país Zulú moderno  |c Max Gluckman. 
260 |a Mánchester :  |b CIESAS-UAM-UIA,  |c 1958. 
300 |a 25 páginas. 
500 |a En: Rhodes-Livingstone, 1958, no. 28, pp. 1-27. Sitio visitado (https://seminariosocioantropologia.wordpress.com/wp-content/uploads/2014/03/max-gluckman_-el-puente.pdf) el 10 de Octubre de 2025. 
520 |a En este ensayo trato sobre las relaciones blanco-africanas en el norte de país zulú, donde trabajé durante 16 meses entre 1936 y 1938. Alrededor de dos quintas partes de los africanos de la Unión viven en áreas reservadas para ellos que están distribuidas a lo largo de ese territorio. Únicamente ciertos tipos de europeos (administradores, oficiales técnicos, misioneros, comerciantes, contratantes) viven en estas reservas. Los hombres africanos migran de las reservas durante periodos cortos para trabajar para granjeros, industriales y propietarios blancos y regresan posteriormente a sus hogares. Cada comunidad de reserva de africanos tiene estrechas relaciones económicas, políticas y de otra índole con el resto de la comunidad de la Unión blanco-africana. Los problemas estructurales en cualquier reserva, por lo tanto, en gran medida consisten en analizar cómo y hasta qué punto se vinculan con el sistema social de la Unión lo que en su interior son relaciones blanco-africanas, y como éstas afectan y son afectadas por la estructura de cada grupo de color. 
651 0 |9 4703  |a Sudáfrica   |x Condiciones sociales 
651 0 |9 4704  |a Sudáfrica  |x Política y gobierno 
856 |u https://seminariosocioantropologia.wordpress.com/wp-content/uploads/2014/03/max-gluckman_-el-puente.pdf  |y Acceso electrónico al documento 
900 |a RECURSO ELECTRONICO 
942 |c REVA  |2 ddc 
952 |0 0  |1 0  |2 ddc  |4 0  |6 RECURSO_ELECTRONICO  |7 0  |8 BAS  |9 93742  |a BC  |b BC  |c General  |d 2020-04-20  |l 0  |o RECURSO ELECTRONICO  |r 2020-04-20 00:00:00  |w 2020-04-20  |y REVA  |A 63  |A 213  |B ANT  |C 13 
999 |c 51144  |d 51144